000
00286nam a22001337a 4500
008
170918b xxu||||| |||| 00| 0 eng d
020
_a
9780881624502
041
_a
eng
080
_a
7
100
_a
44
101
_a
ART
245
_a
THE PAINTER & BRIDE
_c
HOWARTH,E
942
_2
udc
_c
BK
999
_c
28017
_d
28017